000 01356nam a2200349 i 4500
001 768714001
003 CO-MdFUSB
005 20260325161523.0
007 ta
008 240909t1984 -us||||| |||| 001 0 eng d
020 _a0802800246
040 _bspa.
_aCO-MdFUSB
_cCO-MdFUSB
_dCO-MdFUSBC
_erda
041 _aeng
082 _223
_a270.8
_bN432
100 _aNelson, Wilton M.,
_eautor
245 0 0 _aProtestantism in Central America
_c/ Wilton M. Nelson
264 1 _aGrand Rapids, Michigan :
_bWm. B. Eerdmans Publishing Company,
_c[1984]
264 4 _c©1984
300 _a89 páginas
_c; 18 cm.
336 _2rdacontent
_atexto
_btxt
337 _2rdamedia
_asin mediación
_bn
338 _2rdacarrier
_avolumen
_bnc
500 _aIncluye referencias bibliográficas.
505 _aEl protestantismo durante la época colonial -- El protestantismo durante el siglo XIX -- Los inicios del protestantismo nacional -- Avanzar en medio de la oposición -- Características de los primeros evangélicos crecimiento y desarrollo en la época moderna -- El protestantismo en Centroamérica desde 1975
563 _aRústica
650 0 _aHistoria de la Iglesia
_9153
650 0 _aProtestantismo
_9947
653 _aHistoria Cristianismo — América Central
942 _cBK
945 _aCatherine Arias Alvarez
999 _c70897
_d70897